| 000 | 00764nam a2200277 4500 | ||
|---|---|---|---|
| 001 | 1474267 | ||
| 003 | ARRUPE | ||
| 005 | 20160128150642.0 | ||
| 008 | 761011s1932 fr b b 000 0bfre | ||
| 010 | _a 32030269 | ||
| 035 | _a(OCoLC)ocm02494770 | ||
| 040 |
_aDLC _cDRB _dSER |
||
| 050 | 0 |
_aTA140.L6 _bC6 |
|
| 082 | _a926.2 | ||
| 100 | 1 |
_aSchonfield, Hugh J. _921917 |
|
| 245 | 1 | 0 |
_aFerdinand de Lesseps; _cHugh J. Schonfield |
| 260 |
_aLondon, _bHerbert Joseph LTD. _c1937 |
||
| 300 |
_a247p. ; _c21 cm. |
||
| 504 | _a"Sources et bibliographie": p. [290]-293. | ||
| 600 | 1 | 0 |
_aLesseps, Ferdinand de, _d1805-1894. _921918 |
| 650 |
_aSuez Canal _921919 |
||
| 650 |
_aPanama Canal _921920 |
||
| 942 |
_2lcc _cSPC |
||
| 999 |
_c124077 _d124077 |
||